Sports Quiz

Random Sports or Decade Quiz

NBA Starting Point Guards from the Last Decade Quiz Stats

 Plays Quiz not verified by Sporcle

Score 0/300 Timer 20:00
1 Play Today
Team Player % Correct
Boston CelticsKyrie Irving
96%
Boston CelticsKyrie Irving
96%
Cleveland CavaliersKyrie Irving
96%
Cleveland CavaliersKyrie Irving
96%
Cleveland CavaliersKyrie Irving
96%
Cleveland CavaliersKyrie Irving
96%
Cleveland CavaliersKyrie Irving
96%
Cleveland CavaliersKyrie Irving
96%
Charlotte Bobcats/HornetsKemba Walker
95.5%
Charlotte Bobcats/HornetsKemba Walker
95.5%
Charlotte Bobcats/HornetsKemba Walker
95.5%
Charlotte Bobcats/HornetsKemba Walker
95.5%
Charlotte Bobcats/HornetsKemba Walker
95.5%
Charlotte Bobcats/HornetsKemba Walker
95.5%
Charlotte Bobcats/HornetsKemba Walker
95.5%
Washington WizardsJohn Wall
95.1%
Washington WizardsJohn Wall
95.1%
Washington WizardsJohn Wall
95.1%
Washington WizardsJohn Wall
95.1%
Washington WizardsJohn Wall
95.1%
Washington WizardsJohn Wall
95.1%
Washington WizardsJohn Wall
95.1%
Washington WizardsJohn Wall
95.1%
Washington WizardsJohn Wall
95.1%
Toronto RaptorsKyle Lowry
95.1%
Toronto RaptorsKyle Lowry
95.1%
Toronto RaptorsKyle Lowry
95.1%
Toronto RaptorsKyle Lowry
95.1%
Toronto RaptorsKyle Lowry
95.1%
Toronto RaptorsKyle Lowry
95.1%
Toronto RaptorsKyle Lowry
95.1%
Houston RocketsKyle Lowry
95.1%
Houston RocketsKyle Lowry
95.1%
Philadelphia 76ersBen Simmons
94.7%
Philadelphia 76ersBen Simmons
94.7%
Golden State WarriorsStephen Curry
93.8%
Golden State WarriorsStephen Curry
93.8%
Golden State WarriorsStephen Curry
93.8%
Golden State WarriorsStephen Curry
93.8%
Golden State WarriorsStephen Curry
93.8%
Golden State WarriorsStephen Curry
93.8%
Golden State WarriorsStephen Curry
93.8%
Golden State WarriorsStephen Curry
93.8%
Golden State WarriorsStephen Curry
93.8%
Golden State WarriorsStephen Curry
93.8%
Oklahoma City ThunderRussell Westbrook
93.5%
Oklahoma City ThunderRussell Westbrook
93.5%
Oklahoma City ThunderRussell Westbrook
93.5%
Oklahoma City ThunderRussell Westbrook
93.5%
Oklahoma City ThunderRussell Westbrook
93.5%
Oklahoma City ThunderRussell Westbrook
93.5%
Oklahoma City ThunderRussell Westbrook
93.5%
Oklahoma City ThunderRussell Westbrook
93.5%
Oklahoma City ThunderRussell Westbrook
93.5%
Oklahoma City ThunderRussell Westbrook
93.5%
Memphis GrizzliesMike Conley
93.1%
Memphis GrizzliesMike Conley
93.1%
Memphis GrizzliesMike Conley
93.1%
Memphis GrizzliesMike Conley
93.1%
Memphis GrizzliesMike Conley
93.1%
Memphis GrizzliesMike Conley
93.1%
Memphis GrizzliesMike Conley
93.1%
Memphis GrizzliesMike Conley
93.1%
Memphis GrizzliesMike Conley
93.1%
Atlanta HawksTrae Young
92.7%
Houston RocketsChris Paul
92.2%
Houston RocketsChris Paul
92.2%
New Orleans Hornets/PelicansChris Paul
92.2%
New Orleans Hornets/PelicansChris Paul
92.2%
Los Angeles ClippersChris Paul
92.2%
Los Angeles ClippersChris Paul
92.2%
Los Angeles ClippersChris Paul
92.2%
Los Angeles ClippersChris Paul
92.2%
Los Angeles ClippersChris Paul
92.2%
Los Angeles ClippersChris Paul
92.2%
Portland Trail BlazersDamian Lillard
92%
Portland Trail BlazersDamian Lillard
92%
Portland Trail BlazersDamian Lillard
92%
Portland Trail BlazersDamian Lillard
92%
Portland Trail BlazersDamian Lillard
92%
Portland Trail BlazersDamian Lillard
92%
Portland Trail BlazersDamian Lillard
92%
Boston CelticsRajon Rondo
91.8%
Boston CelticsRajon Rondo
91.8%
Boston CelticsRajon Rondo
91.8%
Boston CelticsRajon Rondo
91.8%
Boston CelticsRajon Rondo
91.8%
New York KnicksDerrick Rose
91.8%
Chicago BullsDerrick Rose
91.8%
Chicago BullsDerrick Rose
91.8%
Chicago BullsDerrick Rose
91.8%
Chicago BullsDerrick Rose
91.8%
Chicago BullsDerrick Rose
91.8%
Chicago BullsDerrick Rose
91.8%
Chicago BullsRajon Rondo
91.8%
Dallas MavericksRajon Rondo
91.8%
New Orleans Hornets/PelicansRajon Rondo
91.8%
Sacramento KingsRajon Rondo
91.8%
Milwaukee BucksEric Bledsoe
90.9%
Milwaukee BucksEric Bledsoe
90.9%
Team Player % Correct
Phoenix SunsEric Bledsoe
90.9%
Phoenix SunsEric Bledsoe
90.9%
Phoenix SunsEric Bledsoe
90.9%
Phoenix SunsEric Bledsoe
90.9%
Miami HeatGoran Dragic
90.4%
Miami HeatGoran Dragic
90.4%
Miami HeatGoran Dragic
90.4%
Miami HeatGoran Dragic
90.4%
Miami HeatGoran Dragic
90.4%
San Antonio SpursTony Parker
90.4%
San Antonio SpursTony Parker
90.4%
San Antonio SpursTony Parker
90.4%
San Antonio SpursTony Parker
90.4%
San Antonio SpursTony Parker
90.4%
San Antonio SpursTony Parker
90.4%
San Antonio SpursTony Parker
90.4%
San Antonio SpursTony Parker
90.4%
Phoenix SunsGoran Dragic
90.4%
Denver NuggetsJamal Murray
89.8%
Denver NuggetsJamal Murray
89.8%
Boston CelticsIsaiah Thomas
88.6%
Boston CelticsIsaiah Thomas
88.6%
Sacramento KingsIsaiah Thomas
88.6%
Sacramento KingsIsaiah Thomas
88.6%
Sacramento KingsIsaiah Thomas
88.6%
Atlanta HawksJeff Teague
88.4%
Atlanta HawksJeff Teague
88.4%
Atlanta HawksJeff Teague
88.4%
Atlanta HawksJeff Teague
88.4%
Atlanta HawksJeff Teague
88.4%
Atlanta HawksJeff Teague
88.4%
Indiana PacersJeff Teague
88.4%
Minnesota TimberwolvesJeff Teague
88.4%
Minnesota TimberwolvesJeff Teague
88.4%
New Jersey Nets/Brooklyn NetsD'Angelo Russell
86.9%
New Jersey Nets/Brooklyn NetsD'Angelo Russell
86.9%
Los Angeles LakersD'Angelo Russell
86.9%
Los Angeles LakersD'Angelo Russell
86.9%
Minnesota TimberwolvesRicky Rubio
86.4%
Minnesota TimberwolvesRicky Rubio
86.4%
Minnesota TimberwolvesRicky Rubio
86.4%
Minnesota TimberwolvesRicky Rubio
86.4%
Minnesota TimberwolvesRicky Rubio
86.4%
Minnesota TimberwolvesRicky Rubio
86.4%
Utah JazzRicky Rubio
86.4%
Utah JazzRicky Rubio
86.4%
Sacramento KingsDe'Aaron Fox
86.2%
Sacramento KingsDe'Aaron Fox
86.2%
New Jersey Nets/Brooklyn NetsDeron Williams
84.4%
New Jersey Nets/Brooklyn NetsDeron Williams
84.4%
New Jersey Nets/Brooklyn NetsDeron Williams
84.4%
New Jersey Nets/Brooklyn NetsDeron Williams
84.4%
New Jersey Nets/Brooklyn NetsDeron Williams
84.4%
Dallas MavericksDeron Williams
84.4%
Utah JazzDeron Williams
84.4%
Cleveland CavaliersMo Williams
84.2%
Utah JazzMo Williams
84.2%
Los Angeles ClippersMo Williams
84.2%
Miami HeatMario Chalmers
83.5%
Miami HeatMario Chalmers
83.5%
Miami HeatMario Chalmers
83.5%
Philadelphia 76ersJrue Holiday
82.9%
Philadelphia 76ersJrue Holiday
82.9%
Philadelphia 76ersJrue Holiday
82.9%
Philadelphia 76ersJrue Holiday
82.9%
New Orleans Hornets/PelicansJrue Holiday
82.9%
New Orleans Hornets/PelicansJrue Holiday
82.9%
New Orleans Hornets/PelicansJrue Holiday
82.9%
New Orleans Hornets/PelicansJrue Holiday
82.9%
New York KnicksJarrett Jack
82.2%
New Jersey Nets/Brooklyn NetsJarrett Jack
82.2%
New Orleans Hornets/PelicansJarrett Jack
82.2%
Detroit PistonsReggie Jackson
82%
Detroit PistonsReggie Jackson
82%
Detroit PistonsReggie Jackson
82%
Detroit PistonsReggie Jackson
82%
Detroit PistonsReggie Jackson
82%
Dallas MavericksJason Kidd
80.8%
Dallas MavericksJason Kidd
80.8%
Dallas MavericksJason Kidd
80.8%
Los Angeles LakersLonzo Ball
80.8%
Los Angeles LakersLonzo Ball
80.8%
Phoenix SunsSteve Nash
80%
Phoenix SunsSteve Nash
80%
Phoenix SunsSteve Nash
80%
Los Angeles LakersSteve Nash
80%
Los Angeles LakersSteve Nash
80%
Houston RocketsPatrick Beverley
78.8%
Houston RocketsPatrick Beverley
78.8%
Houston RocketsPatrick Beverley
78.8%
Houston RocketsJames Harden
75.5%
Cleveland CavaliersCollin Sexton
75.3%
Dallas MavericksDennis Smith Jr.
75.1%
Philadelphia 76ersIsh Smith
74.8%
Orlando MagicD.J. Augustin
73.7%
Charlotte Bobcats/HornetsD.J. Augustin
73.7%
Charlotte Bobcats/HornetsD.J. Augustin
73.7%
Cleveland CavaliersGeorge Hill
73.7%
Indiana PacersGeorge Hill
73.7%
Indiana PacersGeorge Hill
73.7%
Team Player % Correct
Indiana PacersGeorge Hill
73.7%
Indiana PacersGeorge Hill
73.7%
Indiana PacersGeorge Hill
73.7%
Utah JazzGeorge Hill
73.7%
Orlando MagicElfrid Payton
70.4%
Orlando MagicElfrid Payton
70.4%
Orlando MagicElfrid Payton
70.4%
Orlando MagicElfrid Payton
70.4%
Los Angeles LakersDerek Fisher
67%
Los Angeles LakersDerek Fisher
67%
Orlando MagicJameer Nelson
65.9%
Orlando MagicJameer Nelson
65.9%
Orlando MagicJameer Nelson
65.9%
Orlando MagicJameer Nelson
65.9%
Orlando MagicJameer Nelson
65.9%
Denver NuggetsJameer Nelson
65.9%
Atlanta HawksDennis Schröder
64.6%
Atlanta HawksDennis Schröder
64.6%
Chicago BullsKris Dunn
63.9%
Milwaukee BucksBrandon Jennings
62.4%
Milwaukee BucksBrandon Jennings
62.4%
Milwaukee BucksBrandon Jennings
62.4%
Milwaukee BucksBrandon Jennings
62.4%
Detroit PistonsBrandon Jennings
62.4%
Washington WizardsGilbert Arenas
58.1%
Milwaukee BucksMalcolm Brogdon
57.7%
New Jersey Nets/Brooklyn NetsJeremy Lin
56.8%
Houston RocketsJeremy Lin
56.8%
San Antonio SpursPatty Mills
55.9%
Indiana PacersDarren Collison
55.2%
Indiana PacersDarren Collison
55.2%
Indiana PacersDarren Collison
55.2%
Dallas MavericksDarren Collison
55.2%
Sacramento KingsDarren Collison
55.2%
Sacramento KingsDarren Collison
55.2%
New York KnicksChauncey Billups
55%
Denver NuggetsChauncey Billups
55%
Denver NuggetsTy Lawson
54.8%
Denver NuggetsTy Lawson
54.8%
Denver NuggetsTy Lawson
54.8%
Denver NuggetsTy Lawson
54.8%
Denver NuggetsTy Lawson
54.8%
New York KnicksJosé Calderón
54.1%
New York KnicksJosé Calderón
54.1%
Toronto RaptorsJosé Calderón
54.1%
Toronto RaptorsJosé Calderón
54.1%
Toronto RaptorsJosé Calderón
54.1%
Dallas MavericksJosé Calderón
54.1%
Philadelphia 76ersMichael Carter-Williams
53%
Milwaukee BucksMichael Carter-Williams
53%
Milwaukee BucksMichael Carter-Williams
53%
Milwaukee BucksBrandon Knight
52.1%
Detroit PistonsBrandon Knight
52.1%
Detroit PistonsBrandon Knight
52.1%
New Jersey Nets/Brooklyn NetsDevin Harris
45.7%
Utah JazzDevin Harris
45.7%
Utah JazzDevin Harris
45.7%
Phoenix SunsTyler Johnson
45.2%
Charlotte Bobcats/HornetsRaymond Felton
44.5%
New York KnicksRaymond Felton
44.5%
New York KnicksRaymond Felton
44.5%
Portland Trail BlazersRaymond Felton
44.5%
Miami HeatMike Bibby
44.1%
Atlanta HawksMike Bibby
44.1%
Boston CelticsMarcus Smart
42.1%
Los Angeles LakersJordan Clarkson
39.2%
Chicago BullsKirk Hinrich
37.6%
San Antonio SpursBryn Forbes
37.4%
New York KnicksBaron Davis
36.7%
Cleveland CavaliersBaron Davis
36.7%
Los Angeles ClippersBaron Davis
36.7%
New York KnicksEmmanuel Mudiay
35%
Denver NuggetsEmmanuel Mudiay
35%
Philadelphia 76ersT.J. McConnell
34.5%
Houston RocketsAaron Brooks
34.3%
Portland Trail BlazersAndre Miller
33.6%
Portland Trail BlazersAndre Miller
33.6%
Minnesota TimberwolvesJonny Flynn
32.1%
Dallas MavericksJalen Brunson
32.1%
Utah JazzDante Exum
26.5%
Utah JazzTrey Burke
24.1%
Detroit PistonsRodney Stuckey
23.8%
Detroit PistonsRodney Stuckey
23.8%
Los Angeles ClippersLandry Shamet
21.2%
Los Angeles LakersRamon Sessions
20%
Chicago BullsRyan Arcidiacono
18.9%
Memphis GrizzliesAndrew Harrison
17.8%
Los Angeles ClippersMilos Teodosic
16.7%
New Orleans Hornets/PelicansGreivis Vásquez
16.3%
Phoenix SunsTyler Ulis
15.4%
Philadelphia 76ersTony Wroten
14.9%
Minnesota TimberwolvesLuke Ridnour
14.9%
Utah JazzRaul Neto
13.4%
New Orleans Hornets/PelicansTim Frazier
12.9%
Sacramento KingsBeno Udrih
12.9%
Sacramento KingsBeno Udrih
12.9%
Miami HeatRafer Alston
12.5%
Indiana PacersEarl Watson
11.1%
New York KnicksChris Duhon
9.4%
Dallas MavericksYogi Ferrell
8.9%
Remove Ads.
Support Sporcle.
Get the best of Sporcle when you Go Orange. This ad-free experience offers more features, more stats, and more fun while also helping to support Sporcle. Thank you for becoming a member.

You're not logged in!

Compare scores with friends on all Sporcle quizzes.
OR
Log In

Sporcle TV

Today on Sporcle TV


Watch our educational content, quiz creation guides, and fun videos on Sporcle TV.

Show Comments

Extras

Top Quizzes Today


Score Distribution

Paid Content

Your Account Isn't Verified!

In order to create a playlist on Sporcle, you need to verify the email address you used during registration. Go to your Sporcle Settings to finish the process.

Report this User

Report this user for behavior that violates our Community Guidelines.

Details: